| 000 | 00738nam a2200241 a 4500 | ||
|---|---|---|---|
| 999 |
_c1834 _d1834 |
||
| 005 | 20191224041615.0 | ||
| 008 | 140303b2000 ck ||||| |||| 00| 0 spa d | ||
| 040 |
_aCO-BoIAVH _cCO-BoIAVH |
||
| 041 | _aspa | ||
| 044 | _ack | ||
| 082 |
_a363.70525 _bM66p |
||
| 110 | 1 | _bColombia. Ministerio del Medio Ambiente | |
| 245 | 1 |
_aProyecto colectivo ambiental _bplan nacional de desarrollo |
|
| 260 |
_aBogotá _bMinambiente _c2000 |
||
| 300 | _a115 Paginas. | ||
| 650 | 6 | _aPolítica Nacional Ambiental | |
| 650 | 6 | _aSistema Nacional de Areas Protegidas | |
| 650 | 6 | _aEcosistemas estratégicos | |
| 650 | 6 | _aRecurso Hidrico | |
| 650 | 6 | _aConservación | |
| 662 | _aColombia | ||
| 942 |
_cLIBRO _2ddc |
||